Famous Anne Quiz Stats

 Plays Quiz Updated Feb 28, 2019

Support Sporcle.
Go Orange.
Score 0/30 Timer 07:00
3 Plays Today
Description Name % Correct
Jewish girl famous for her diaryAnne Frank
91.7%
Actress in 'Bride Wars' & 'Princess Diaries'Anne Hathaway
78.5%
British novelist & poet; Sister of Emily and CharlotteAnne Brontë
70.7%
2nd wife of Henry VIIIAnne Boleyn
67.5%
Michigan's seventh largest cityAnn Arbor
60.6%
Woody Allen character and movieAnnie Hall
58.4%
Leapin' Lizards - was adopted by Daddy WarbucksLittle Orphan Annie
53%
'Little Sure Shot' & performer in Buffalo Bill's Wild West Show in the late 1800'sAnnie Oakley
52.8%
Lead singer of EurythmicsAnnie Lennox
51%
Actress on 'Men in Trees' and ex-girlfriend of Ellen DeGeneresAnne Heche
50.5%
Broadway musical based on life of 'Little Sure Shot'Annie Get Your Gun
49.3%
Actress in 'The Graduate' - Here's to you, Mrs. RobinsonAnne Bancroft
49.1%
Author of 'Interview with the Vampire' and 'The Witching Hour'Anne Rice
46.1%
Red-haired literary character and doll created by Johnny GruelleRaggedy Ann
44.8%
Famous advice columnist and sister of Dear AbbyAnn Landers
44.5%
Description Name % Correct
Character & best-selling novel by Lucy Maud MontgomeryAnne of Green Gables
40.7%
'Gilligan's Island' castaway Mary Ann
38.4%
Song by the Beach BoysBarbara Ann
32.8%
4th wife of Henry VIIIAnne of Cleves
29.4%
Helen Keller's teacherAnnie Sullivan
29.4%
American portrait photographer famous for her John Lennon/Yoko Ono Rolling Stone photoAnnie Leibovitz
26.9%
Standup comedienne with Jerry Stiller and mother of Ben StillerAnne Meara
26.6%
Canadian singer of 'Snowbird'Anne Murray
26.1%
Mary Jo in 'Designing Women'Annie Potts
23.3%
New Zealand photographer known for stylized depictions of babies and motherhoodAnne Geddes
22.6%
TV Journalist & NBC 'Today Show' anchorAnn Curry
21.6%
Alice the housekeeper on 'The Brady Bunch'Ann B. Davis
20.4%
Poker IconAnnie Duke
11.5%
Cassie in 'It's a Living'Ann Jillian
4.9%
Irish American pirate in the 1700'sAnne Bonny
4.4%

You're not logged in!

Compare scores with friends on all Sporcle quizzes.
OR
Log In

From the Vault

Big 4 Worst of the Decade (1980s)

by Hejman

They might have been worst in the standings, but they were probably best in the 'hair' category.
Remove Ads.
Support Sporcle.
Get the best of Sporcle when you Go Orange. This ad-free experience offers more features, more stats, and more fun while also helping to support Sporcle. Thank you for becoming a member.

Show Comments

Extras

Top Quizzes Today


Score Distribution

Your Account Isn't Verified!

In order to create a playlist on Sporcle, you need to verify the email address you used during registration. Go to your Sporcle Settings to finish the process.

Report this User

Report this user for behavior that violates our Community Guidelines.

Details: